[Event "CYCC U08 w"]
[Site "Toronto CAN"]
[Date "2001.03.17"]
[Round "6"]
[White "Ho, Patricia"]
[Black "Woodworth, Claire"]
[Result "1-0"]
[WhiteElo "1119"]
[BlackElo "1136"]
[PlyCount "83"]
[GameId "2160767911610422"]
[EventDate "2001.03.??"]
[EventType "tourn"]
[EventRounds "7"]
[EventCountry "CAN"]
[SourceTitle "EXT 2006"]
[Source "ChessBase"]
[SourceDate "2005.11.24"]
[SourceVersion "1"]
[SourceVersionDate "2005.11.24"]
[SourceQuality "1"]

1. e4 c6 2. d4 d5 3. e5 Bf5 4. Nf3 Nd7 5. Be2 e6 6. O-O c5 7. Nc3 cxd4 8. Nxd4 Nxe5 9. Bf4 Ng6 10. Bb5+ Ke7 11. Bg3 Nh6 12. Re1 a6 13. Bc7 Bg4 14. Bxd8+ Kxd8 15. f3 Bf5 16. Nxf5 Nxf5 17. Bd3 Ne3 18. Rxe3 Bc5 19. Qd2 d4 20. Bxg6 hxg6 21. Kf1 Ke7 22. Rd3 Rxh2 23. Ne2 e5 24. Re1 f5 25. f4 e4 26. Nxd4 Kf7 27. Rb3 b5 28. Nxb5 Rh1+ 29. Ke2 Rxe1+ 30. Kxe1 Ke7 31. Nc3 Rd8 32. Qe2 Rh8 33. Rb7+ Ke6 34. Qxa6+ Bd6 35. Qc4+ Kf6 36. Nd5+ Ke6 37. Nc7+ Kd7 38. Ne8+ Kd8 39. Qe6 Rh1+ 40. Ke2 Bc7 41. Rxc7 g5 42. Qd7# 1-0

[Event "CYCC U08 w"]
[Site "Toronto CAN"]
[Date "2001.03.17"]
[Round "6"]
[White "Sviridovitch, Alina"]
[Black "Golts, Diana"]
[Result "1/2-1/2"]
[WhiteElo "1617"]
[BlackElo "1806"]
[PlyCount "130"]
[GameId "2160767911610423"]
[EventDate "2001.03.??"]
[EventType "tourn"]
[EventRounds "7"]
[EventCountry "CAN"]
[SourceTitle "EXT 2006"]
[Source "ChessBase"]
[SourceDate "2005.11.24"]
[SourceVersion "1"]
[SourceVersionDate "2005.11.24"]
[SourceQuality "1"]

1. e4 e5 2. Nc3 Nc6 3. g3 Bc5 4. Bg2 d6 5. h3 Nge7 6. Nge2 O-O 7. O-O f5 8. d3 Be6 9. Kh2 Qd7 10. f4 h6 11. Na4 Bb6 12. Nxb6 axb6 13. Nc3 Kh8 14. Be3 Ng8 15. fxe5 dxe5 16. exf5 Bxf5 17. Ne4 Be6 18. a3 Nge7 19. Qh5 Nf5 20. Bd2 Qe8 21. Qe2 Qe7 22. c3 Bd7 23. Rae1 Nd6 24. Rxf8+ Rxf8 25. Nxd6 Qxd6 26. Rf1 Re8 27. Qe4 Nd8 28. Qh4 Kg8 29. Qc4+ Kh8 30. Bd5 b5 31. Qe4 c6 32. Bb3 Rf8 33. Rxf8+ Qxf8 34. Be3 Qf6 35. d4 exd4 36. Bxd4 Qf8 37. Bc2 Qg8 38. Qg6 Nf7 39. Bb3 Be8 40. Bxf7 Qxf7 41. Qxh6+ Kg8 42. Qf4 Qxf4 43. gxf4 g6 44. Kg3 Kf7 45. Kf3 Ke6 46. Ke4 Bf7 47. Be5 Be8 48. Kd4 Bf7 49. Kc5 Kd7 50. Kb6 Kc8 51. Ka5 Bb3 52. Kb4 Bf7 53. a4 bxa4 54. Kxa4 Kd7 55. Ka5 Be6 56. h4 Bf7 57. Kb6 Kc8 58. Kc5 Kd7 59. Kd4 Be6 60. Kc5 Bf7 61. Bf6 Bd5 62. c4 Bf3 63. Be5 Be2 64. b3 Bd1 65. Kb4 Ke6 1/2-1/2

[Event "CYCC U08 w"]
[Site "Toronto CAN"]
[Date "2001.03.17"]
[Round "6"]
[White "Tsimakouridze, Elena"]
[Black "Goutor, Valentina"]
[Result "1/2-1/2"]
[WhiteElo "1308"]
[BlackElo "1687"]
[PlyCount "84"]
[GameId "2160767911610424"]
[EventDate "2001.03.??"]
[EventType "tourn"]
[EventRounds "7"]
[EventCountry "CAN"]
[SourceTitle "EXT 2006"]
[Source "ChessBase"]
[SourceDate "2005.11.24"]
[SourceVersion "1"]
[SourceVersionDate "2005.11.24"]
[SourceQuality "1"]

1. e4 d6 2. d4 Nf6 3. Nc3 g6 4. e5 dxe5 5. dxe5 Qxd1+ 6. Kxd1 Ng4 7. Be3 Nxe3+ 8. fxe3 Bg7 9. Nf3 Nc6 10. Bb5 Bg4 11. Ke2 Bxf3+ 12. gxf3 Bxe5 13. Rab1 O-O-O 14. Bxc6 bxc6 15. Na4 Rd5 16. c4 Rd6 17. h3 Rhd8 18. Rhd1 f5 19. b3 Bf6 20. Nc5 e5 21. e4 fxe4 22. Nxe4 Re6 23. Rxd8+ Kxd8 24. Rd1+ Ke8 25. Rd3 g5 26. Nc5 Rd6 27. Ne4 Rxd3 28. Kxd3 Ke7 29. Nc5 h5 30. Ke4 Kd6 31. Nd3 Ke6 32. Nc5+ Kd6 33. Nb7+ Ke6 34. Nc5+ Kd6 35. Nd3 Ke6 36. c5 a5 37. a3 Be7 38. b4 axb4 39. axb4 Bf6 40. Nf2 Be7 41. Nd3 Bf6 42. Nc1 Be7 1/2-1/2

[Event "CYCC U08 w"]
[Site "Toronto CAN"]
[Date "2001.03.18"]
[Round "7"]
[White "Golts, Diana"]
[Black "Ho, Patricia"]
[Result "1-0"]
[WhiteElo "1806"]
[BlackElo "1119"]
[PlyCount "87"]
[GameId "2160767911610425"]
[EventDate "2001.03.??"]
[EventType "tourn"]
[EventRounds "7"]
[EventCountry "CAN"]
[SourceTitle "EXT 2006"]
[Source "ChessBase"]
[SourceDate "2005.11.24"]
[SourceVersion "1"]
[SourceVersionDate "2005.11.24"]
[SourceQuality "1"]

1. e4 e5 2. Nf3 Nc6 3. Bc4 Be7 4. O-O Nf6 5. d3 O-O 6. Nc3 d6 7. h3 Be6 8. Bb3 Qd7 9. Ne2 d5 10. Ng3 Rad8 11. Qe2 Nd4 12. Nxd4 exd4 13. e5 Ne8 14. Re1 c6 15. Bd2 Nc7 16. Kh2 f6 17. f4 b5 18. Ba5 Bf7 19. e6 Bxe6 20. Bxc7 Qxc7 21. Qxe6+ Rf7 22. Ne2 Rdf8 23. g3 Bc5 24. c3 dxc3 25. bxc3 Kh8 26. d4 Re7 27. Qg4 Bd6 28. Ng1 c5 29. Rxe7 Bxe7 30. Bxd5 cxd4 31. cxd4 Qc3 32. Rd1 f5 33. Qe2 Bd6 34. Qxb5 g5 35. Qd3 Qb2+ 36. Qd2 Qa3 37. Bb3 gxf4 38. gxf4 Re8 39. Nf3 Re4 40. Ne5 Bb4 41. Qg2 Re2 42. Qxe2 Kg7 43. Rg1+ Kf6 44. Nd7# 1-0

[Event "CYCC U08 w"]
[Site "Toronto CAN"]
[Date "2001.03.18"]
[Round "7"]
[White "Goutor, Valentina"]
[Black "Sviridovitch, Alina"]
[Result "1-0"]
[WhiteElo "1687"]
[BlackElo "1617"]
[PlyCount "103"]
[GameId "2160767911610426"]
[EventDate "2001.03.??"]
[EventType "tourn"]
[EventRounds "7"]
[EventCountry "CAN"]
[SourceTitle "EXT 2006"]
[Source "ChessBase"]
[SourceDate "2005.11.24"]
[SourceVersion "1"]
[SourceVersionDate "2005.11.24"]
[SourceQuality "1"]

1. e4 g6 2. d4 Bg7 3. Be3 d6 4. Nc3 Nf6 5. f3 O-O 6. Qd2 e5 7. O-O-O Nbd7 8. g4 a5 9. d5 a4 10. a3 b6 11. h4 h5 12. Bg5 Qe8 13. Bb5 hxg4 14. Bxf6 Bxf6 15. fxg4 Qd8 16. g5 Be7 17. Qg2 Kg7 18. Nf3 Rh8 19. Rh2 Nc5 20. Rdh1 Rh5 21. Be2 Ba6 22. Bd1 Rh8 23. h5 Qd7 24. hxg6 fxg6 25. Rxh8 Rxh8 26. Rxh8 Kxh8 27. Qh2+ Kg8 28. Qh6 Qe8 29. Nh4 Qf8 30. Nxg6 Qg7 31. Qxg7+ Kxg7 32. Nxe7 Kf7 33. Nf5 Kg6 34. Ng3 Kxg5 35. Be2 Kf4 36. Bxa6 Nxa6 37. Nf1 Nc5 38. Nd2 Ke3 39. Kd1 Kf2 40. Nb5 Ke3 41. Nxc7 Nxe4 42. Nxe4 Kxe4 43. Na8 b5 44. Nc7 Kd4 45. Nxb5+ Kxd5 46. Nc3+ Kc4 47. Nxa4 d5 48. Kd2 d4 49. b3+ Kd5 50. Nb2 e4 51. Nc4 Ke6 52. c3 1-0

[Event "CYCC U08 w"]
[Site "Toronto CAN"]
[Date "2001.03.18"]
[Round "7"]
[White "Smith, Hazel"]
[Black "Tsimakouridze, Elena"]
[Result "1-0"]
[WhiteElo "1717"]
[BlackElo "1308"]
[PlyCount "123"]
[GameId "2160767911610427"]
[EventDate "2001.03.??"]
[EventType "tourn"]
[EventRounds "7"]
[EventCountry "CAN"]
[SourceTitle "EXT 2006"]
[Source "ChessBase"]
[SourceDate "2005.11.24"]
[SourceVersion "1"]
[SourceVersionDate "2005.11.24"]
[SourceQuality "1"]

1. e4 c6 2. d4 d5 3. Nd2 dxe4 4. Nxe4 Bf5 5. Ng3 Bg6 6. h4 h6 7. h5 Bh7 8. f4 Nf6 9. Nf3 Nbd7 10. Bd3 Bxd3 11. Qxd3 e6 12. Bd2 Qc7 13. O-O-O Nd5 14. Ne2 Bd6 15. g3 O-O-O 16. Nc3 Nb4 17. Qe2 Rhe8 18. a3 Nd5 19. Rhe1 Qb6 20. Nxd5 cxd5 21. Bc3 Kb8 22. Qd2 Rc8 23. Re2 Qa6 24. Rde1 Rc6 25. Bb4 Bc7 26. Re3 Nb6 27. b3 Nc8 28. Ne5 Bxe5 29. dxe5 b5 30. Rc3 Rd8 31. Rxc6 Qxc6 32. Kb2 Rd7 33. Rg1 Qb6 34. Qd1 a5 35. Bc3 d4 36. Bd2 a4 37. Bb4 Ne7 38. Bd6+ Kb7 39. Qf3+ Ka7 40. g4 d3 41. Rd1 dxc2 42. Kxc2 Qb7 43. Bc5+ Kb8 44. Qxb7+ Rxb7 45. Rd8+ Kc7 46. Bxe7 Kc6 47. Bb4 g6 48. hxg6 fxg6 49. Rd6+ Kc7 50. Rxe6 h5 51. Rxg6 h4 52. Rh6 h3 53. Rxh3 Kd8 54. Rh8+ Kc7 55. Rh7+ Kc6 56. Rxb7 Kxb7 57. e6 Kc7 58. e7 Kd7 59. g5 Ke8 60. g6 Kd7 61. g7 Ke6 62. f5+ 1-0

[Event "CYCC U08 w"]
[Site "Toronto CAN"]
[Date "2001.03.18"]
[Round "7"]
[White "Woodworth, Claire"]
[Black "Benggawan, Alexandra"]
[Result "1/2-1/2"]
[WhiteElo "1136"]
[BlackElo "1724"]
[PlyCount "51"]
[GameId "2160767911610428"]
[EventDate "2001.03.??"]
[EventType "tourn"]
[EventRounds "7"]
[EventCountry "CAN"]
[SourceTitle "EXT 2006"]
[Source "ChessBase"]
[SourceDate "2005.11.24"]
[SourceVersion "1"]
[SourceVersionDate "2005.11.24"]
[SourceQuality "1"]

1. d4 e6 2. c4 Nf6 3. Nc3 Bb4 4. Bd2 O-O 5. Nf3 c5 6. dxc5 Bxc5 7. Bg5 Qb6 8. e3 Qxb2 9. Bxf6 gxf6 10. Rc1 Bb4 11. Qc2 Qxc2 12. Rxc2 Nc6 13. Bd3 Bxc3+ 14. Rxc3 Nb4 15. Bb1 b6 16. O-O Bb7 17. Nd4 Rac8 18. Nb5 Ba6 19. Nd6 Rc6 20. Ne4 Kg7 21. Rfc1 Rfc8 22. Ng3 f5 23. Nh5+ Kg6 24. Nf4+ Kh6 25. e4 fxe4 26. Rh3+ 1/2-1/2

[Event "CYCC U08 w playoff"]
[Site "Toronto CAN"]
[Date "2001.03.18"]
[Round "8"]
[White "Goutor, Valentina"]
[Black "Sviridovitch, Alina"]
[Result "0-1"]
[WhiteElo "1687"]
[BlackElo "1617"]
[PlyCount "72"]
[GameId "2160767911610429"]
[EventDate "2001.03.??"]
[EventType "match"]
[EventRounds "1"]
[EventCountry "CAN"]
[SourceTitle "EXT 2006"]
[Source "ChessBase"]
[SourceDate "2005.11.24"]
[SourceVersion "1"]
[SourceVersionDate "2005.11.24"]
[SourceQuality "1"]

1. e4 g6 2. d4 Bg7 3. Be3 c5 4. Nc3 Qb6 5. Nb5 d6 6. dxc5 dxc5 7. Rb1 Bd7 8. Nc3 Nc6 9. Nf3 Rd8 10. Bd3 Nf6 11. O-O O-O 12. Na4 Qc7 13. Nxc5 Bc8 14. Qc1 Ng4 15. Bf4 e5 16. Bg5 Nf6 17. Bh6 Bxh6 18. Qxh6 Ng4 19. Qh4 Kg7 20. h3 Nf6 21. Rbd1 Nb4 22. Nb3 Be6 23. Qg3 Nxd3 24. cxd3 Rfe8 25. Rc1 Qb8 26. Rc3 Nh5 27. Qg5 Nf4 28. Nc1 Bxh3 29. Nh4 Be6 30. Nf5+ Bxf5 31. exf5 Nd5 32. Rb3 Nf6 33. fxg6 hxg6 34. Re1 e4 35. dxe4 Nxe4 36. Qa5 Rh8 0-1

[Event "CYCC U10"]
[Site "Sackville CAN"]
[Date "2001.07.04"]
[Round "2"]
[White "Smith, Stephanie"]
[Black "Qako, Silvi"]
[Result "1-0"]
[WhiteElo "1160"]
[BlackElo "645"]
[PlyCount "53"]
[GameId "2160767911564407"]
[EventDate "2001.07.04"]
[EventType "swiss"]
[EventRounds "7"]
[EventCountry "CAN"]
[SourceTitle "CFC 2001.08"]
[Source "CFC"]
[SourceDate "2001.08.??"]
[SourceVersionDate "2001.08.??"]
[SourceQuality "1"]

1. e4 e5 2. Nf3 Nc6 3. Bc4 h6 4. Nc3 Nf6 5. d4 exd4 6. Nxd4 Nxd4 7. Qxd4 d6 8. e5 Qe7 9. Bf4 Ng4 10. Nd5 dxe5 11. Qe4 f5 12. Nxe7 fxe4 13. Nxc8 Rxc8 14. Be6 Rd8 15. Bxg4 exf4 16. O-O h5 17. Bf5 Rd4 18. Rfe1 Be7 19. Bxe4 b6 20. Bg6+ Kd8 21. Re6 Rd6 22. Rae1 Rxe6 23. Rxe6 Rh6 24. g3 Kd7 25. Bf5 Rxe6 26. Bxe6+ Kxe6 27. Kg2 1-0

[Event "CYCC U10"]
[Site "Sackville CAN"]
[Date "2001.07.05"]
[Round "3"]
[White "Hier, David"]
[Black "Nguyen, Minh Ly"]
[Result "0-1"]
[WhiteElo "1635"]
[BlackElo "645"]
[PlyCount "62"]
[GameId "2160767911564408"]
[EventDate "2001.07.04"]
[EventType "swiss"]
[EventRounds "7"]
[EventCountry "CAN"]
[SourceTitle "CFC 2001.08"]
[Source "CFC"]
[SourceDate "2001.08.??"]
[SourceVersionDate "2001.08.??"]
[SourceQuality "1"]

1. e4 d5 2. exd5 Qxd5 3. Nc3 Qa5 4. d4 c6 5. Nf3 Nf6 6. Bd2 Bf5 7. Ne4 Qc7 8. Ng3 Bg6 9. Ne5 Nbd7 10. Nxg6 hxg6 11. h3 Qb6 12. Bc3 e6 13. Qd2 Nd5 14. Be2 Nxc3 15. bxc3 O-O-O 16. O-O Bd6 17. Ne4 Bb8 18. c4 Qc7 19. Ng3 Rh6 20. a4 Rdh8 21. a5 Rxh3 22. gxh3 Rxh3 23. f4 Rxg3+ 24. Kh2 Rg5 25. Kh3 Rf5 26. Bg4 Rf6 27. Ra3 g5 28. Raf3 gxf4 29. Rxf4 Rh6+ 30. Kg2 g5 31. R4f2 Qg3# 0-1

[Event "CYCC U12"]
[Site "Sackville CAN"]
[Date "2001.07.07"]
[Round "7"]
[White "Deveau, Justin"]
[Black "Yu, Jonathan"]
[Result "0-1"]
[WhiteElo "1553"]
[BlackElo "1624"]
[PlyCount "100"]
[GameId "2160767911564410"]
[EventDate "2001.07.04"]
[EventType "swiss"]
[EventRounds "7"]
[EventCountry "CAN"]
[SourceTitle "CFC 2001.08"]
[Source "CFC"]
[SourceDate "2001.08.??"]
[SourceVersionDate "2001.08.??"]
[SourceQuality "1"]

1. e4 e6 2. d4 d5 3. Nd2 c5 4. c3 cxd4 5. cxd4 dxe4 6. Nxe4 Nc6 7. Nf3 Be7 8. Be3 Nf6 9. Bd3 b6 10. Rc1 Bb7 11. Nxf6+ Bxf6 12. Bb1 Rc8 13. Be4 O-O 14. O-O Qd7 15. Bxc6 Bxc6 16. Ne5 Qd5 17. Rxc6 Rxc6 18. Nxc6 Qxc6 19. Qb1 Rd8 20. Rd1 Rd5 21. Qc1 Qd7 22. f4 Bxd4 23. Bxd4 Rxd4 24. Rxd4 Qxd4+ 25. Kf1 Kf8 26. Qc8+ Ke7 27. Qc7+ Qd7 28. Qxd7+ Kxd7 29. Ke2 Kd6 30. Kd2 f5 31. g3 e5 32. fxe5+ Kxe5 33. Ke3 g5 34. h3 f4+ 35. gxf4+ gxf4+ 36. Kf3 h5 37. h4 Kf5 38. a4 a6 39. b4 Ke5 40. b5 a5 41. Kf2 Ke4 42. Ke2 f3+ 43. Kf1 Kf4 44. Kf2 Kg4 45. Kf1 Kxh4 46. Kf2 Kg4 47. Kf1 Kg3 48. Kg1 f2+ 49. Kf1 h4 50. Ke2 Kg2 0-1

[Event "CYCC U12"]
[Site "Sackville CAN"]
[Date "2001.07.07"]
[Round "7"]
[White "Mathieu, Jean-Philippe"]
[Black "Vadachkoriya, Irakli"]
[Result "1/2-1/2"]
[WhiteElo "1534"]
[BlackElo "2010"]
[PlyCount "92"]
[GameId "2160767911564411"]
[EventDate "2001.07.04"]
[EventType "swiss"]
[EventRounds "7"]
[EventCountry "CAN"]
[SourceTitle "CFC 2001.08"]
[Source "CFC"]
[SourceDate "2001.08.??"]
[SourceVersionDate "2001.08.??"]
[SourceQuality "1"]

1. e4 e5 2. Bc4 Nf6 3. Nc3 Nc6 4. d3 Bc5 5. Be3 Bb6 6. h3 d6 7. Qd2 Be6 8. Bb3 h6 9. Nge2 d5 10. exd5 Nxd5 11. Nxd5 Bxd5 12. Bxd5 Qxd5 13. Rg1 O-O-O 14. Nc3 Qe6 15. O-O-O Ba5 16. Kb1 Nd4 17. Qe1 Bxc3 18. bxc3 Nb5 19. c4 Nd4 20. Bxd4 Rxd4 21. Qa5 Qb6+ 22. Qxb6 axb6 23. Rge1 f6 24. Re3 Rhd8 25. Rde1 R8d7 26. Re4 Rxe4 27. Rxe4 Re7 28. Kb2 Kd7 29. Kc3 Kd6 30. Kb4 f5 31. Re3 e4 32. d4 f4 33. Re2 f3 34. Re3 fxg2 35. Rg3 e3 36. fxe3 Rxe3 37. Rxg2 Rxh3 38. Rg6+ Kd7 39. c5 bxc5+ 40. dxc5 Rh2 41. Rxg7+ Kc6 42. Rg6+ Kd7 43. a4 Rxc2 44. Rxh6 Rb2+ 45. Kc3 Ra2 46. Kb3 Ra1 1/2-1/2

[Event "CYCC U12 w"]
[Site "Sackville CAN"]
[Date "2001.07.05"]
[Round "4"]
[White "Tang, Tiffany"]
[Black "Goutor, Valentina"]
[Result "0-1"]
[WhiteElo "1340"]
[BlackElo "1806"]
[PlyCount "74"]
[GameId "2160767911564412"]
[EventDate "2001.07.04"]
[EventType "swiss"]
[EventRounds "7"]
[EventCountry "CAN"]
[SourceTitle "CFC 2001.08"]
[Source "CFC"]
[SourceDate "2001.08.??"]
[SourceVersionDate "2001.08.??"]
[SourceQuality "1"]

1. c4 e5 2. Nc3 Nf6 3. g3 Bc5 4. Bg2 O-O 5. d3 c6 6. Qb3 Na6 7. a3 Bb6 8. Nf3 Re8 9. Nd2 Nc5 10. Qa2 a5 11. Nde4 Nfxe4 12. Nxe4 Nxe4 13. Bxe4 d6 14. O-O Bh3 15. Rd1 Bg4 16. Re1 Qf6 17. Be3 Bxe3 18. fxe3 Qh6 19. b3 Qxe3+ 20. Kh1 f5 21. Bg2 f4 22. h3 Be6 23. g4 d5 24. Qc2 Bf7 25. Rad1 dxc4 26. dxc4 Bg6 27. Qb2 Rad8 28. Kh2 Be4 29. Bxe4 Qxe4 30. Rd2 Qe3 31. Red1 Qg3+ 32. Kh1 Qxh3+ 33. Kg1 Qxg4+ 34. Kf2 Qg3+ 35. Kf1 Rxd2 36. Rxd2 e4 37. c5 e3 0-1

[Event "CYCC U14"]
[Site "Sackville CAN"]
[Date "2001.07.06"]
[Round "5"]
[White "Bluvshtein, Mark"]
[Black "Stevens, Christian"]
[Result "1-0"]
[WhiteElo "2277"]
[BlackElo "2048"]
[PlyCount "79"]
[GameId "2160767911564413"]
[EventDate "2001.07.04"]
[EventType "swiss"]
[EventRounds "7"]
[EventCountry "CAN"]
[SourceTitle "CFC 2001.08"]
[Source "CFC"]
[SourceDate "2001.08.??"]
[SourceVersionDate "2001.08.??"]
[SourceQuality "1"]

1. d4 d5 2. c4 e6 3. Nc3 Nf6 4. cxd5 exd5 5. Bg5 Be7 6. e3 O-O 7. Bd3 Nbd7 8. Nge2 Re8 9. O-O Nf8 10. Qc2 Be6 11. Nf4 h6 12. Nxe6 Nxe6 13. Bxf6 Bxf6 14. Qb3 c5 15. Nxd5 cxd4 16. Nxf6+ Qxf6 17. exd4 Qxd4 18. Bc4 Qf4 19. Bxe6 Rxe6 20. Qxb7 Rb8 21. Qxa7 Rxb2 22. a4 Ree2 23. a5 Ra2 24. Qc5 Qa4 25. Qc8+ Kh7 26. Qf5+ Kg8 27. Rab1 g6 28. Qf6 Re8 29. Rfe1 Rxe1+ 30. Rxe1 Re2 31. Qa1 Qe4 32. Rf1 Qc4 33. Re1 Qa2 34. h4 f6 35. Qc3 Rxe1+ 36. Qxe1 Kf7 37. g3 h5 38. Qb4 Qe6 39. Qb7+ Kg8 40. a6 1-0

[Event "CYCC U14"]
[Site "Sackville CAN"]
[Date "2001.07.07"]
[Round "7"]
[White "Davies, Lucas"]
[Black "Predescu, Sebastian"]
[Result "1-0"]
[WhiteElo "1905"]
[BlackElo "2025"]
[PlyCount "75"]
[GameId "2160767911564415"]
[EventDate "2001.07.04"]
[EventType "swiss"]
[EventRounds "7"]
[EventCountry "CAN"]
[SourceTitle "CFC 2001.08"]
[Source "CFC"]
[SourceDate "2001.08.??"]
[SourceVersionDate "2001.08.??"]
[SourceQuality "1"]

1. e4 c5 2. Nc3 Nc6 3. g3 g6 4. Bg2 Bg7 5. d3 e6 6. f4 Nge7 7. Nf3 Nd4 8. O-O Nec6 9. Be3 d6 10. Rb1 O-O 11. Ne2 f5 12. c3 Nxe2+ 13. Qxe2 Qc7 14. exf5 exf5 15. Ng5 h6 16. Bd5+ Kh8 17. Ne6 Bxe6 18. Bxe6 Rae8 19. Bd5 b5 20. Qf2 a5 21. Rbc1 Ne7 22. Bg2 Ng8 23. b4 Nf6 24. h3 c4 25. Bb6 Qf7 26. dxc4 Qxc4 27. Rc2 a4 28. Rd1 d5 29. Bc5 Rf7 30. Rd4 Ne4 31. Bxe4 Bxd4 32. cxd4 Rxe4 33. Rxc4 dxc4 34. d5 Rd7 35. d6 Rd8 36. Qd2 Rde8 37. d7 Re1+ 38. Kf2 1-0

[Event "CYCC U14 U16 U18 w"]
[Site "Sackville CAN"]
[Date "2001.07.05"]
[Round "4"]
[White "Maric, Gordana"]
[Black "Kazakevich, Anastasia"]
[Result "1/2-1/2"]
[WhiteElo "1706"]
[BlackElo "1673"]
[PlyCount "66"]
[GameId "2160767911564416"]
[EventDate "2001.07.04"]
[EventType "swiss"]
[EventRounds "7"]
[EventCountry "CAN"]
[SourceTitle "CFC 2001.08"]
[Source "CFC"]
[SourceDate "2001.08.??"]
[SourceVersionDate "2001.08.??"]
[SourceQuality "1"]

1. e4 d5 2. exd5 Qxd5 3. Nc3 Qa5 4. d4 Nf6 5. Nf3 Bg4 6. Bd2 e6 7. Bb5+ c6 8. Be2 Be7 9. O-O O-O 10. b3 Nbd7 11. Na4 Qc7 12. Ne5 Nxe5 13. dxe5 Bxe2 14. Qxe2 Nd5 15. c4 Nb4 16. Bc3 Rfd8 17. Rfd1 h6 18. a3 Na6 19. b4 b6 20. Bb2 Rxd1+ 21. Rxd1 Rd8 22. Rxd8+ Qxd8 23. Nc3 Nb8 24. Ne4 Nd7 25. Qd2 Nf8 26. Qxd8 Bxd8 27. Kf1 Ng6 28. g3 Kf8 29. c5 b5 30. Ke2 Ke7 31. Nd6 f6 32. f4 Nh8 33. Nb7 f5 1/2-1/2

[Event "CYCC U14 U16 U18 w"]
[Site "Sackville CAN"]
[Date "2001.07.06"]
[Round "5"]
[White "Charbonneau, Anne-Marie"]
[Black "Kagramanov, Dina"]
[Result "1-0"]
[WhiteElo "1847"]
[BlackElo "1950"]
[PlyCount "65"]
[GameId "2160767911564417"]
[EventDate "2001.07.04"]
[EventType "swiss"]
[EventRounds "7"]
[EventCountry "CAN"]
[SourceTitle "CFC 2001.08"]
[Source "CFC"]
[SourceDate "2001.08.??"]
[SourceVersionDate "2001.08.??"]
[SourceQuality "1"]

1. d4 d5 2. c4 c6 3. Nc3 Nf6 4. Nf3 e6 5. cxd5 exd5 6. Bg5 Bf5 7. e3 Nbd7 8. Bd3 Bxd3 9. Qxd3 Be7 10. O-O O-O 11. Rab1 a5 12. a3 Ne4 13. Bxe7 Qxe7 14. b4 axb4 15. axb4 Ra3 16. Nxd5 Rxd3 17. Nxe7+ Kh8 18. Nf5 Nc3 19. Rb2 Ra8 20. Nd6 f6 21. Nxb7 Rb8 22. Na5 c5 23. dxc5 Nxc5 24. Nc6 Rb6 25. Nfd4 N5a4 26. Rc2 h6 27. g3 Kg8 28. Kg2 Kf7 29. Ra1 Ke8 30. Ra3 Kd7 31. b5 Kc7 32. Ne2 Nxb5 33. Ncd4+ 1-0

[Event "CYCC U16"]
[Site "Sackville CAN"]
[Date "2001.07.05"]
[Round "4"]
[White "Kapadia, Ronak"]
[Black "Wang, Hao Yuan"]
[Result "0-1"]
[WhiteElo "2106"]
[BlackElo "2148"]
[PlyCount "70"]
[GameId "2160767911564418"]
[EventDate "2001.07.04"]
[EventType "swiss"]
[EventRounds "7"]
[EventCountry "CAN"]
[SourceTitle "CFC 2001.08"]
[Source "CFC"]
[SourceDate "2001.08.??"]
[SourceVersionDate "2001.08.??"]
[SourceQuality "1"]

1. e4 c5 2. Nf3 d6 3. d4 cxd4 4. Nxd4 Nf6 5. Nc3 a6 6. Be2 e6 7. Be3 Be7 8. O-O Qc7 9. f4 Nc6 10. a4 Rb8 11. g4 h5 12. g5 Ng4 13. Bxg4 hxg4 14. Nde2 f6 15. g6 b5 16. axb5 axb5 17. Ng3 Na5 18. Bf2 b4 19. Nd5 exd5 20. Qxd5 Nc6 21. Qf7+ Kd7 22. Qxg7 Qd8 23. Qf7 Qe8 24. g7 Rg8 25. Qd5 Kc7 26. Rfe1 Rxg7 27. e5 fxe5 28. fxe5 Qg8 29. exd6+ Bxd6 30. Qh5 Rh7 31. Re8 Qg7 32. Qd5 Qh6 33. Qg2 Bb7 34. Re2 Nd4 35. Re4 Nf3+ 0-1

[Event "CYCC U16"]
[Site "Sackville CAN"]
[Date "2001.07.06"]
[Round "5"]
[White "Lipnowski, Michael"]
[Black "Miller, Evgeny"]
[Result "0-1"]
[WhiteElo "1787"]
[BlackElo "2151"]
[PlyCount "66"]
[GameId "2160767911564419"]
[EventDate "2001.07.04"]
[EventType "swiss"]
[EventRounds "7"]
[EventCountry "CAN"]
[SourceTitle "CFC 2001.08"]
[Source "CFC"]
[SourceDate "2001.08.??"]
[SourceVersionDate "2001.08.??"]
[SourceQuality "1"]

1. e4 c6 2. d4 d5 3. exd5 cxd5 4. c4 Nf6 5. Nc3 g6 6. Nf3 Bg7 7. h3 O-O 8. Bd3 Nc6 9. Be3 b6 10. cxd5 Nb4 11. Bc4 Nbxd5 12. O-O Bb7 13. Qe2 Rc8 14. Nxd5 Nxd5 15. Rac1 Qd6 16. Qd2 Rfd8 17. Rfe1 Nxe3 18. fxe3 Bxf3 19. gxf3 Rxc4 20. Rxc4 Qg3+ 21. Kf1 Qxf3+ 22. Qf2 Qxh3+ 23. Qg2 Qf5+ 24. Qf2 Qe6 25. b3 Bf6 26. Qf3 Rd5 27. Ke2 Rxd4 28. Rc6 Qe5 29. Rc8+ Kg7 30. Ra8 Rd5 31. Rxa7 Qh2+ 32. Qf2 Rd2+ 33. Kxd2 Qxf2+ 0-1

[Event "CYCC U18"]
[Site "Sackville CAN"]
[Date "2001.07.05"]
[Round "4"]
[White "Gurevich, Artjom"]
[Black "Gottlieb, Jonathan"]
[Result "1-0"]
[WhiteElo "2338"]
[BlackElo "2176"]
[PlyCount "89"]
[GameId "2160767911564420"]
[EventDate "2001.07.04"]
[EventType "swiss"]
[EventRounds "7"]
[EventCountry "CAN"]
[SourceTitle "CFC 2001.08"]
[Source "CFC"]
[SourceDate "2001.08.??"]
[SourceVersionDate "2001.08.??"]
[SourceQuality "1"]

1. d4 d5 2. c4 e6 3. Nf3 c5 4. cxd5 exd5 5. Nc3 Nc6 6. g3 Nf6 7. Bg2 Be7 8. O-O O-O 9. Bg5 c4 10. Ne5 Be6 11. Nxc6 bxc6 12. b3 Qa5 13. Na4 Rab8 14. e3 Rfc8 15. Bxf6 Bxf6 16. Nc5 Qa3 17. Qc1 Qxc1 18. Rfxc1 cxb3 19. axb3 Be7 20. Nxe6 fxe6 21. Rxa7 Kf7 22. Ra6 Rxb3 23. Bh3 Bd6 24. e4 dxe4 25. Ra7+ Kf6 26. d5 Rb6 27. dxe6 Rc7 28. Rxc7 Bxc7 29. Rd1 c5 30. Rd7 Bd6 31. Rf7+ Kg6 32. Bf5+ Kg5 33. h4+ Kh6 34. Rd7 g6 35. Rxd6 Rxd6 36. e7 gxf5 37. e8=Q Rf6 38. Qe5 Kg6 39. Qxc5 h5 40. Qe3 Rf7 41. Qg5+ Kh7 42. Qxh5+ Kg7 43. Qg5+ Kh7 44. h5 e3 45. Qg6+ 1-0

[Event "CYCC U18"]
[Site "Sackville CAN"]
[Date "2001.07.06"]
[Round "6"]
[White "Lipnowski, Samuel"]
[Black "Gottlieb, Jonathan"]
[Result "1-0"]
[WhiteElo "2032"]
[BlackElo "2176"]
[PlyCount "61"]
[GameId "2160767911564422"]
[EventDate "2001.07.04"]
[EventType "swiss"]
[EventRounds "7"]
[EventCountry "CAN"]
[SourceTitle "CFC 2001.08"]
[Source "CFC"]
[SourceDate "2001.08.??"]
[SourceVersionDate "2001.08.??"]
[SourceQuality "1"]

1. e4 c5 2. Nf3 d6 3. d4 cxd4 4. Nxd4 Nf6 5. Nc3 a6 6. Be2 e6 7. O-O Qc7 8. f4 b5 9. Bf3 e5 10. fxe5 dxe5 11. Nb3 Be6 12. Kh1 Bc4 13. Rf2 Nbd7 14. Qe1 Rc8 15. Be3 Be7 16. Rd1 O-O 17. Rfd2 Bb4 18. Qg3 Kh8 19. Bg5 Be6 20. Rd3 h6 21. Qh4 Kh7 22. Nd5 Bxd5 23. exd5 Qc4 24. Nd4 Ba5 25. Be2 exd4 26. Bxh6 Qxc2 27. Rh3 Kg8 28. Bxg7 Qh7 29. Bxf6 Nxf6 30. Qxf6 Qg6 31. Rh8# 1-0